000 01184nam a2200337 a 4500
001 000009151
003 DO-SdBPM
005 20250904105648.0
007 ta
008 090928s1997 dr 001 0 spa d
020 _a976815652X
040 _aDO-SdBPM
_bspa
_cBPMSU
_erda
082 4 _aRD861.2
_bU75p, 1997
_222
100 1 _aUreña de Henríquez, Salomé,
_d1850-1897
_eautora
245 1 0 _aPoesías completas /
_cSalomé Ureña de Henríquez ; Presentación José Rafael Lantigua
250 _a9a. ed.
264 _aSanto Domingo :
_bComisión Permanente de la Feria Nacional del Libro,
_c1997
300 _a303 páginas ;
_c21 cm.
336 _atexto
_btxt
_2rdacontent
337 _asin mediación
_bn
_2rdamedia
338 _avolumen
_bnc
_2rdacarrier
500 _3Incluye referencias bibliográficas y notas al pie de las páginas
504 _aBibliografía: páginas . 289-300
590 _aInventariado, 2025/VM
590 _6Inventariado, 2025/VM
650 7 _aPoesía dominicana
650 7 _aLiteratura dominicana
710 2 _aRepública Dominicana.
_bFeria Internacional del Libro
910 _aVMateo V. Control de calidad BPMSU
942 _2ddc
_cBK
999 _c8069
_d8069